00226 a2200109 4500001000700000020000600007040001100013100001200024240003800036245003300074362000900107167901 a  cMagnum aSobotta10aAtlas de anatomia humana/v.2lpor10aAtlas de anatomia humana/v.20 a1899